000 00644nam a2200181Ia 4500
008 151202s9999||||xx |||||||||||||| ||und||
082 _bPNVM-70748
100 _aगोडबोले मंगला.
245 _aकधी बहर कधी शिशिर.
260 _b"नवचैतन्य प्रकाशन,बोरोवली."
260 _c70748
300 _a176
600 _aगोडबोले मंगला.
630 _aकधी बहर कधी शिशिर.
700 _aगोडबोले मंगला.
730 _aकधी बहर कधी शिशिर.
942 _cBOOK
999 _c1337255
_d1337252